[Event "Portugal Open Semirrapidas"]
[Site "Lisboa POR"]
[Date "2020.02.02"]
[Round "2.20"]
[White "SAVANOVIĆ, Aleksandar"]
[Black "ATAKAY, Mustafa"]
[Result "1-0"]
[BlackElo "1892"]
[WhiteElo "2346"]
[LiveChessVersion "1.4.8"]

1. e4 c6 {[%clk 0:15:05]} 2. d4 {[%clk 0:15:08]} d5 {[%clk 0:15:09]} 3. Nc3
{[%clk 0:15:12]} dxe4 {[%clk 0:15:12]} 4. Nxe4 {[%clk 0:15:15]} Nf6
{[%clk 0:15:16]} 5. Nxf6+ {[%clk 0:15:18]} exf6 {[%clk 0:15:20]} 6. c3
{[%clk 0:15:21]} Bd6 {[%clk 0:15:17]} 7. Bd3 {[%clk 0:15:24]} O-O
{[%clk 0:15:15]} 8. Qc2 {[%clk 0:15:28]} Re8+ {[%clk 0:15:00]} 9. Ne2
{[%clk 0:15:31]} h5 {[%clk 0:14:37]} 10. O-O {[%clk 0:15:10]} Qc7
{[%clk 0:14:38]} 11. h3 {[%clk 0:15:13]} Nd7 {[%clk 0:14:35]} 12. Be3
{[%clk 0:13:43]} Nf8 {[%clk 0:14:30]} 13. Rfe1 {[%clk 0:13:29]} Bd7
{[%clk 0:12:59]} 14. Qd2 {[%clk 0:12:52]} Ne6 {[%clk 0:12:34]} 15. Rad1
{[%clk 0:11:41]} a5 {[%clk 0:12:17]} 16. Bb1 {[%clk 0:11:38]} h4 {[%clk 0:10:44]}
17. d5 {[%clk 0:11:20]} cxd5 {[%clk 0:10:05]} 18. Qxd5 {[%clk 0:11:22]} Ra6
{[%clk 0:10:08]} 19. Qh5 {[%clk 0:11:17]} Nf8 {[%clk 0:09:21]} 20. Qxh4
{[%clk 0:10:19]} Rxe3 {[%clk 0:09:12]} 21. fxe3 {[%clk 0:10:20]} Be5
{[%clk 0:07:35]} 22. Rd2 {[%clk 0:09:12]} b5 {[%clk 0:06:03]} 23. Red1
{[%clk 0:09:14]} g6 {[%clk 0:05:11]} 24. Kh1 {[%clk 0:07:49]} Kg7
{[%clk 0:05:03]} 25. Be4 {[%clk 0:06:11]} Re6 {[%clk 0:03:21]} 26. Bd5
{[%clk 0:05:42]} Re7 {[%clk 0:03:25]} 27. Qf2 {[%clk 0:05:18]} Ne6
{[%clk 0:03:07]} 28. Nd4 {[%clk 0:04:33]} Nc5 {[%clk 0:03:02]} 29. Qf3
{[%clk 0:04:10]} b4 {[%clk 0:02:24]} 30. cxb4 {[%clk 0:04:01]} axb4
{[%clk 0:02:28]} 31. Nc6 {[%clk 0:04:05]} Bxc6 {[%clk 0:02:22]} 32. Bxc6
{[%clk 0:04:09]} Qa5 {[%clk 0:01:52]} 33. Bd5 {[%clk 0:03:44]} Na4
{[%clk 0:01:42]} 34. Bb3 {[%clk 0:02:48]} Nc5 {[%clk 0:01:02]} 35. Bc4
{[%clk 0:02:08]} Na4 {[%clk 0:00:56]} 36. Rd7 {[%clk 0:01:28]} Qc5
{[%clk 0:00:54]} 37. Rxe7 {[%clk 0:01:30]} Qxe7 {[%clk 0:00:58]} 38. Qc6
{[%clk 0:01:29]} Nc5 {[%clk 0:01:01]} 39. Qd5 {[%clk 0:00:59]} Bxb2
{[%clk 0:00:48]} 40. Qf3 {[%clk 0:00:44]} Ne4 {[%clk 0:00:36]} 41. Bd5
{[%clk 0:00:29]} Nc3 {[%clk 0:00:39]} 42. Rd4 {[%clk 0:00:30]} Nxd5
{[%clk 0:00:18]} 43. Rxd5 {[%clk 0:00:33]} Bc1 {[%clk 0:00:22]} 44. e4
{[%clk 0:00:36]} Bb2 {[%clk 0:00:22]} 45. Qd3 {[%clk 0:00:38]} Bc3
{[%clk 0:00:26]} 46. Rd7 {[%clk 0:00:41]} Qe6 {[%clk 0:00:27]} 47. Qd5
{[%clk 0:00:44]} Qe8 {[%clk 0:00:24]} 48. Ra7 {[%clk 0:00:38]} f5
{[%clk 0:00:18]} 49. Qd7 {[%clk 0:00:18]} Qxe4 {[%clk 0:00:08]} 50. Qxf7+
{[%clk 0:00:21]} Kh6 {[%clk 0:00:11]} 51. Qh7+ {[%clk 0:00:23]} Kg5
{[%clk 0:00:16]} 52. Qe7+ {[%clk 0:00:27]} Kh6 {[%clk 0:00:20]} 53. Qxe4
{[%clk 0:00:30]} fxe4 {[%clk 0:00:24]} 54. Re7 {[%clk 0:00:34]} 1-0

[Event "Portugal Open Semirrapidas"]
[Site "Lisboa POR"]
[Date "2020.02.02"]
[Round "2.21"]
[White "PIPIRAS, Filipa Fortuna"]
[Black "GOLUCH, Piotr"]
[Result "0-1"]
[BlackElo "2341"]
[WhiteElo "1911"]
[LiveChessVersion "1.4.8"]

1. d4 {[%clk 0:15:08]} Nf6 {[%clk 0:15:01]} 2. c4 {[%clk 0:15:10]} e6
{[%clk 0:15:03]} 3. Nc3 {[%clk 0:15:12]} Bb4 {[%clk 0:15:06]} 4. e3
{[%clk 0:15:14]} O-O {[%clk 0:15:01]} 5. Bd3 {[%clk 0:15:14]} d5 {[%clk 0:14:59]}
6. Nf3 {[%clk 0:14:57]} c5 {[%clk 0:14:35]} 7. O-O {[%clk 0:14:43]} cxd4
{[%clk 0:14:33]} 8. exd4 {[%clk 0:14:38]} dxc4 {[%clk 0:14:34]} 9. Bxc4
{[%clk 0:14:41]} b6 {[%clk 0:14:37]} 10. a3 {[%clk 0:14:07]} Bxc3
{[%clk 0:14:40]} 11. bxc3 {[%clk 0:14:11]} Qc7 {[%clk 0:14:30]} 12. Qe2
{[%clk 0:11:30]} Bb7 {[%clk 0:14:23]} 13. Ne5 {[%clk 0:11:02]} Nd5
{[%clk 0:14:05]} 14. Bd2 {[%clk 0:10:48]} Nd7 {[%clk 0:14:01]} 15. Nxd7
{[%clk 0:10:32]} Qxd7 {[%clk 0:14:04]} 16. Bd3 {[%clk 0:10:01]} Rac8
{[%clk 0:13:33]} 17. c4 {[%clk 0:09:08]} Ne7 {[%clk 0:13:23]} 18. Bc3
{[%clk 0:07:56]} Ng6 {[%clk 0:12:58]} 19. Qe3 {[%clk 0:05:11]} Qc6
{[%clk 0:12:55]} 20. f3 {[%clk 0:05:01]} Rfd8 {[%clk 0:12:45]} 21. Rac1
{[%clk 0:04:34]} Qa4 {[%clk 0:12:27]} 22. Bb2 {[%clk 0:03:58]} Ba6
{[%clk 0:11:46]} 23. Bc2 {[%clk 0:02:59]} Qd7 {[%clk 0:10:54]} 24. Bd3
{[%clk 0:02:56]} b5 {[%clk 0:10:52]} 25. c5 {[%clk 0:02:40]} Bb7 {[%clk 0:10:52]}
26. Rfd1 {[%clk 0:02:32]} Bd5 {[%clk 0:10:53]} 27. Bc3 {[%clk 0:02:22]} Re8
{[%clk 0:10:45]} 28. Rb1 {[%clk 0:02:02]} Bc6 {[%clk 0:10:45]} 29. Kh1
{[%clk 0:01:55]} Rb8 {[%clk 0:10:07]} 30. Bc2 {[%clk 0:01:43]} Ne7
{[%clk 0:09:32]} 31. Qd3 {[%clk 0:01:37]} f5 {[%clk 0:09:34]} 32. Bd2
{[%clk 0:01:11]} Nd5 {[%clk 0:09:37]} 33. Bb3 {[%clk 0:01:06]} h6
{[%clk 0:09:09]} 34. Re1 {[%clk 0:01:02]} Kh7 {[%clk 0:09:06]} 35. Bc2
{[%clk 0:01:01]} Qf7 {[%clk 0:08:18]} 36. Re5 {[%clk 0:00:51]} Kh8
{[%clk 0:07:44]} 37. Rbe1 {[%clk 0:00:48]} Re7 {[%clk 0:06:39]} 38. Bb3
{[%clk 0:00:47]} a6 {[%clk 0:06:33]} 39. Qe2 {[%clk 0:00:42]} Rbe8
{[%clk 0:06:32]} 40. Qd3 {[%clk 0:00:39]} Nf6 {[%clk 0:05:10]} 41. Bc2
{[%clk 0:00:29]} Bd5 {[%clk 0:05:03]} 42. Qc3 {[%clk 0:00:26]} Qh5
{[%clk 0:04:57]} 43. a4 {[%clk 0:00:24]} b4 {[%clk 0:04:39]} 44. Qxb4
{[%clk 0:00:16]} Bxf3 {[%clk 0:04:42]} 45. gxf3 {[%clk 0:00:18]} Qxf3+
{[%clk 0:04:46]} 46. Kg1 {[%clk 0:00:21]} Nd5 {[%clk 0:04:18]} 47. Qb3
{[%clk 0:00:23]} Qg4+ {[%clk 0:04:21]} 48. Qg3 {[%clk 0:00:26]} Qxd4+
{[%clk 0:04:24]} 49. Be3 {[%clk 0:00:30]} Qc3 {[%clk 0:04:02]} 50. Bb1
{[%clk 0:00:26]} Qc4 {[%clk 0:01:56]} 51. Bf2 {[%clk 0:00:22]} Qxa4
{[%clk 0:01:56]} 52. Bd3 {[%clk 0:00:22]} Qb3 {[%clk 0:01:32]} 53. Bxa6
{[%clk 0:00:22]} Qa2 {[%clk 0:01:24]} 54. Bb5 {[%clk 0:00:21]} Rf8
{[%clk 0:01:15]} 55. Rxe6 {[%clk 0:00:19]} Rxe6 {[%clk 0:01:13]} 56. Rxe6
{[%clk 0:00:23]} Nf6 {[%clk 0:00:40]} 57. Re7 {[%clk 0:00:26]} Qb1+
{[%clk 0:00:31]} 58. Kg2 {[%clk 0:00:29]} Nh5 {[%clk 0:00:32]} 59. Qh4
{[%clk 0:00:26]} Qxb5 {[%clk 0:00:32]} 60. Qxh5 {[%clk 0:00:30]} Qc6+
{[%clk 0:00:28]} 61. Qf3 {[%clk 0:00:33]} Qf6 {[%clk 0:00:27]} 62. Rc7
{[%clk 0:00:33]} f4 {[%clk 0:00:30]} 63. Rc6 {[%clk 0:00:37]} Qg5+
{[%clk 0:00:34]} 64. Kh1 {[%clk 0:00:38]} Rb8 {[%clk 0:00:32]} 65. Qe4
{[%clk 0:00:35]} f3 {[%clk 0:00:27]} 66. Qxf3 {[%clk 0:00:36]} Rb1+
{[%clk 0:00:30]} 67. Bg1 {[%clk 0:00:37]} Qxg1# {[%clk 0:15:05]} 0-1

[Event "Portugal Open Semirrapidas"]
[Site "Lisboa POR"]
[Date "2020.02.02"]
[Round "2.22"]
[White "BUTKIEWICZ, Łukasz"]
[Black "MORAIS, Vitor"]
[Result "1-0"]
[BlackElo "1883"]
[WhiteElo "2294"]
[LiveChessVersion "1.4.8"]

1. e4 {[%clk 0:15:04]} c6 {[%clk 0:15:09]} 2. d4 {[%clk 0:15:07]} d5
{[%clk 0:15:13]} 3. e5 {[%clk 0:15:09]} c5 {[%clk 0:15:17]} 4. dxc5
{[%clk 0:15:12]} Nc6 {[%clk 0:15:21]} 5. Nf3 {[%clk 0:15:09]} Bg4
{[%clk 0:15:24]} 6. c3 {[%clk 0:15:12]} e6 {[%clk 0:15:28]} 7. Be3
{[%clk 0:14:44]} Bxf3 {[%clk 0:15:30]} 8. Qxf3 {[%clk 0:14:44]} Nxe5
{[%clk 0:15:34]} 9. Bb5+ {[%clk 0:14:48]} Nc6 {[%clk 0:15:37]} 10. O-O
{[%clk 0:14:40]} Nge7 {[%clk 0:15:40]} 11. c4 {[%clk 0:14:32]} a6
{[%clk 0:15:37]} 12. Ba4 {[%clk 0:14:31]} dxc4 {[%clk 0:15:40]} 13. Nc3
{[%clk 0:14:33]} Nd5 {[%clk 0:15:41]} 14. Rad1 {[%clk 0:14:35]} Be7
{[%clk 0:15:42]} 15. Nxd5 {[%clk 0:14:29]} exd5 {[%clk 0:15:46]} 16. Rxd5
{[%clk 0:14:33]} Qc8 {[%clk 0:15:19]} 17. Re5 {[%clk 0:14:16]} Kf8
{[%clk 0:15:17]} 18. Rf5 {[%clk 0:14:12]} f6 {[%clk 0:15:15]} 19. Rd1
{[%clk 0:13:36]} Qc7 {[%clk 0:14:22]} 20. Bf4 {[%clk 0:13:29]} Qa5
{[%clk 0:14:21]} 21. Bxc6 {[%clk 0:13:23]} bxc6 22. Qxc6 {[%clk 0:13:19]} Rd8
{[%clk 0:14:29]} 23. Rxd8+ {[%clk 0:13:08]} Qxd8 {[%clk 0:14:31]} 24. Bd6
{[%clk 0:12:49]} Bxd6 {[%clk 0:14:21]} 25. cxd6 {[%clk 0:12:51]} g6
{[%clk 0:14:22]} 26. Rf3 {[%clk 0:12:41]} Kg7 {[%clk 0:14:27]} 27. h3
{[%clk 0:12:36]} Re8 {[%clk 0:14:30]} 28. d7 {[%clk 0:12:28]} Re7
{[%clk 0:14:34]} 29. Qxf6+ {[%clk 0:12:31]} Kg8 {[%clk 0:14:35]} 30. Qxa6
{[%clk 0:12:06]} Qxd7 {[%clk 0:14:33]} 31. Qxc4+ {[%clk 0:12:09]} Kg7
{[%clk 0:14:25]} 32. Qc3+ {[%clk 0:12:04]} Kg8 {[%clk 0:14:29]} 33. Qf6
{[%clk 0:11:49]} Re8 {[%clk 0:14:09]} 34. b4 {[%clk 0:11:36]} Qc7
{[%clk 0:14:13]} 35. g3 {[%clk 0:11:36]} Qd8 1-0

[Event "Portugal Open Semirrapidas"]
[Site "Lisboa POR"]
[Date "2020.02.02"]
[Round "2.23"]
[White "MARQUES, Rui"]
[Black "GAHAN, M G"]
[Result "0-1"]
[BlackElo "2292"]
[WhiteElo "1896"]
[LiveChessVersion "1.4.8"]

1. d4 Nf6 {[%clk 0:12:55]} 2. Bg5 {[%clk 0:15:10]} Ne4 {[%clk 0:12:58]} 3. Bf4
{[%clk 0:15:13]} d5 {[%clk 0:13:02]} 4. e3 {[%clk 0:15:17]} c5 {[%clk 0:13:06]}
5. Bd3 {[%clk 0:15:18]} Qb6 {[%clk 0:13:07]} 6. Bxe4 {[%clk 0:14:28]} dxe4
{[%clk 0:12:56]} 7. Nc3 {[%clk 0:14:05]} cxd4 {[%clk 0:12:50]} 8. exd4
{[%clk 0:14:00]} Qxb2 {[%clk 0:12:11]} 9. Nxe4 {[%clk 0:12:15]} Bf5
{[%clk 0:11:57]} 10. Ng3 {[%clk 0:12:08]} Bxc2 {[%clk 0:11:48]} 11. Qc1
{[%clk 0:12:09]} Qxd4 {[%clk 0:10:10]} 12. Nf3 {[%clk 0:11:59]} Qc3+
{[%clk 0:09:42]} 13. Bd2 {[%clk 0:10:52]} Qc4 {[%clk 0:09:44]} 14. Nf5
{[%clk 0:10:00]} Bd3 {[%clk 0:09:11]} 15. Qxc4 {[%clk 0:08:59]} Bxc4
{[%clk 0:09:14]} 16. Ne5 {[%clk 0:09:03]} Bd5 {[%clk 0:09:00]} 17. Ne3
{[%clk 0:08:57]} Bc6 {[%clk 0:09:04]} 0-1

[Event "Portugal Open Semirrapidas"]
[Site "Lisboa POR"]
[Date "2020.02.02"]
[Round "2.24"]
[White "SOUSA, André V"]
[Black "SILVA, Tiago"]
[Result "1-0"]
[BlackElo "1883"]
[WhiteElo "2281"]
[LiveChessVersion "1.4.8"]

1. e4 c6 {[%clk 0:15:01]} 2. d4 {[%clk 0:15:11]} d5 {[%clk 0:15:02]} 3. e5
{[%clk 0:15:15]} e6 {[%clk 0:14:56]} 4. f4 {[%clk 0:15:12]} Ne7 {[%clk 0:14:54]}
5. Nf3 {[%clk 0:15:16]} Nf5 {[%clk 0:14:51]} 6. Bd3 {[%clk 0:15:17]} Be7
{[%clk 0:14:50]} 7. O-O {[%clk 0:15:15]} O-O {[%clk 0:14:50]} 8. Qe2
{[%clk 0:14:45]} c5 {[%clk 0:14:29]} 9. Bxf5 {[%clk 0:14:43]} exf5
{[%clk 0:14:31]} 10. Be3 {[%clk 0:14:46]} Qa5 {[%clk 0:13:00]} 11. Nc3
{[%clk 0:14:44]} Be6 {[%clk 0:12:17]} 12. Rad1 {[%clk 0:14:46]} Rd8
{[%clk 0:11:09]} 13. Qb5 {[%clk 0:14:38]} Qxb5 {[%clk 0:10:33]} 14. Nxb5
{[%clk 0:14:42]} Na6 {[%clk 0:10:36]} 15. dxc5 {[%clk 0:14:37]} Nxc5
{[%clk 0:09:38]} 16. c3 {[%clk 0:13:35]} Ne4 {[%clk 0:08:21]} 17. Nfd4
{[%clk 0:13:35]} Bc5 {[%clk 0:07:53]} 18. Rfe1 {[%clk 0:13:39]} Rac8
{[%clk 0:06:16]} 19. Nb3 {[%clk 0:13:27]} Bxe3+ {[%clk 0:06:10]} 20. Rxe3
{[%clk 0:13:31]} a6 {[%clk 0:06:02]} 21. N5d4 {[%clk 0:13:34]} Rc7
{[%clk 0:05:26]} 22. Kf1 {[%clk 0:13:20]} b5 {[%clk 0:04:57]} 23. Ke2
{[%clk 0:13:15]} Kf8 {[%clk 0:04:25]} 24. Ra1 {[%clk 0:13:16]} Rc4
{[%clk 0:03:46]} 25. Na5 {[%clk 0:12:52]} Rc7 {[%clk 0:03:48]} 26. Rh3
{[%clk 0:12:37]} h6 {[%clk 0:03:47]} 27. Rh5 {[%clk 0:12:36]} Ke8
{[%clk 0:03:19]} 28. a4 {[%clk 0:12:11]} b4 {[%clk 0:02:55]} 29. cxb4
{[%clk 0:12:08]} Rdc8 {[%clk 0:02:58]} 30. Rh3 {[%clk 0:11:50]} Rc2+
{[%clk 0:02:14]} 31. Nxc2 {[%clk 0:11:53]} Rxc2+ {[%clk 0:02:18]} 32. Kf1
{[%clk 0:11:57]} Rxb2 {[%clk 0:02:21]} 33. Nc6 {[%clk 0:11:40]} d4
{[%clk 0:02:14]} 34. Kg1 {[%clk 0:10:48]} Rc2 {[%clk 0:01:50]} 35. Nxd4
{[%clk 0:10:46]} Rc4 {[%clk 0:01:53]} 36. Nxe6 {[%clk 0:10:48]} fxe6
{[%clk 0:01:50]} 37. b5 {[%clk 0:10:47]} axb5 {[%clk 0:01:43]} 38. a5
{[%clk 0:10:51]} Rc2 {[%clk 0:01:47]} 39. a6 {[%clk 0:10:52]} 1-0

[Event "Portugal Open Semirrapidas"]
[Site "Lisboa POR"]
[Date "2020.02.02"]
[Round "2.25"]
[White "SIMÕES, John"]
[Black "BABA, Masahiro"]
[Result "0-1"]
[BlackElo "2274"]
[WhiteElo "1887"]
[LiveChessVersion "1.4.8"]

1. e4 {[%clk 0:15:03]} c5 {[%clk 0:15:09]} 2. Nf3 {[%clk 0:15:06]} d6
{[%clk 0:15:13]} 3. c3 {[%clk 0:15:08]} Nf6 {[%clk 0:15:14]} 4. Be2
{[%clk 0:15:11]} Bd7 {[%clk 0:15:12]} 5. d3 {[%clk 0:15:14]} Nc6 {[%clk 0:14:47]}
6. O-O {[%clk 0:15:16]} g6 {[%clk 0:14:48]} 7. h3 {[%clk 0:15:18]} Bg7
{[%clk 0:14:49]} 8. Bf4 {[%clk 0:15:20]} O-O {[%clk 0:14:14]} 9. Nbd2
{[%clk 0:15:21]} b5 {[%clk 0:13:53]} 10. Re1 {[%clk 0:15:22]} a5 {[%clk 0:13:55]}
11. d4 {[%clk 0:15:08]} Qb6 {[%clk 0:13:50]} 12. d5 {[%clk 0:14:49]} Nd8
{[%clk 0:13:28]} 13. Qc2 {[%clk 0:14:47]} c4 {[%clk 0:13:23]} 14. Be3
{[%clk 0:14:48]} Qc7 {[%clk 0:13:27]} 15. a4 {[%clk 0:14:29]} Nb7
{[%clk 0:13:27]} 16. axb5 {[%clk 0:14:26]} Bxb5 {[%clk 0:13:30]} 17. Nd4
{[%clk 0:14:19]} Ba6 {[%clk 0:13:27]} 18. f3 {[%clk 0:14:13]} Nd7
{[%clk 0:13:23]} 19. Nc6 {[%clk 0:14:05]} Ne5 {[%clk 0:13:08]} 20. Nxe5
{[%clk 0:13:49]} Bxe5 {[%clk 0:13:10]} 21. Qa4 {[%clk 0:13:30]} Rac8
{[%clk 0:12:36]} 22. Rec1 {[%clk 0:13:10]} e6 {[%clk 0:12:34]} 23. dxe6
{[%clk 0:13:03]} fxe6 {[%clk 0:12:37]} 24. b4 {[%clk 0:12:53]} cxb3
{[%clk 0:12:22]} 25. Qxb3 {[%clk 0:12:29]} Bxe2 {[%clk 0:12:24]} 26. Qxe6+
{[%clk 0:12:30]} Qf7 {[%clk 0:12:16]} 27. Qxf7+ {[%clk 0:12:02]} Rxf7
{[%clk 0:12:17]} 28. Bd4 {[%clk 0:11:46]} Rfc7 {[%clk 0:11:56]} 29. Kf2
{[%clk 0:11:39]} Bxd4+ {[%clk 0:11:51]} 30. cxd4 {[%clk 0:11:42]} Rxc1
{[%clk 0:11:54]} 31. Rxc1 {[%clk 0:11:45]} Rxc1 {[%clk 0:11:57]} 32. Kxe2
{[%clk 0:11:48]} a4 {[%clk 0:11:59]} 33. f4 {[%clk 0:11:48]} a3 {[%clk 0:12:02]}
34. Nb3 {[%clk 0:11:42]} Rc3 {[%clk 0:11:52]} 35. Na1 {[%clk 0:11:42]} Na5
{[%clk 0:11:44]} 36. Kd2 {[%clk 0:11:45]} Rc4 {[%clk 0:11:35]} 37. Kd3
{[%clk 0:11:47]} a2 {[%clk 0:11:37]} 38. e5 {[%clk 0:11:44]} dxe5
{[%clk 0:11:35]} 39. fxe5 {[%clk 0:11:48]} Rc1 {[%clk 0:11:37]} 40. Nc2
{[%clk 0:11:50]} Rxc2 {[%clk 0:11:34]} 41. Kxc2 {[%clk 0:11:53]} a1=Q
{[%clk 0:11:36]} 42. Kd3 {[%clk 0:11:55]} Kf7 {[%clk 0:11:15]} 43. Ke4
{[%clk 0:11:59]} Qb1+ {[%clk 0:11:00]} 44. Kd5 {[%clk 0:12:01]} Qb5+
{[%clk 0:10:54]} 45. Ke4 {[%clk 0:12:01]} Ke6 {[%clk 0:10:56]} 46. g4
{[%clk 0:12:03]} Qe2+ {[%clk 0:10:42]} 47. Kf4 {[%clk 0:12:06]} h6
{[%clk 0:10:30]} 48. h4 {[%clk 0:12:07]} Kd5 {[%clk 0:10:27]} 49. g5
{[%clk 0:12:07]} Qf2+ {[%clk 0:10:22]} 50. Kg4 {[%clk 0:12:08]} Ke4
{[%clk 0:10:09]} 51. Kh3 {[%clk 0:11:56]} Kf3 0-1

[Event "Portugal Open Semirrapidas"]
[Site "Lisboa POR"]
[Date "2020.02.02"]
[Round "2.26"]
[White "ASADLI, Vugar"]
[Black "DURÃO, Miguel"]
[Result "1-0"]
[BlackElo "1876"]
[WhiteElo "2273"]
[LiveChessVersion "1.4.8"]

1. e4 {[%clk 0:15:07]} c5 {[%clk 0:15:08]} 2. Nc3 {[%clk 0:15:10]} Nc6
{[%clk 0:15:12]} 3. Bb5 {[%clk 0:15:13]} Nd4 {[%clk 0:14:58]} 4. Nf3
{[%clk 0:15:16]} Nxb5 {[%clk 0:13:40]} 5. Nxb5 {[%clk 0:15:19]} d6
{[%clk 0:13:44]} 6. d4 {[%clk 0:15:23]} a6 {[%clk 0:13:02]} 7. Nc3
{[%clk 0:15:26]} cxd4 {[%clk 0:12:41]} 8. Qxd4 {[%clk 0:15:25]} e5
{[%clk 0:11:10]} 9. Qd3 {[%clk 0:15:28]} Nf6 {[%clk 0:11:04]} 10. Bg5
{[%clk 0:15:32]} Be7 {[%clk 0:11:08]} 11. O-O-O {[%clk 0:15:25]} O-O
{[%clk 0:07:31]} 12. Bxf6 {[%clk 0:15:14]} Bxf6 {[%clk 0:07:26]} 13. Qxd6
{[%clk 0:15:17]} Qa5 {[%clk 0:07:30]} 14. Rd5 {[%clk 0:15:16]} b5
{[%clk 0:07:10]} 15. Nxe5 {[%clk 0:14:38]} Be6 {[%clk 0:06:08]} 16. Nc6
{[%clk 0:14:32]} 1-0

[Event "Portugal Open Semirrapidas"]
[Site "Lisboa POR"]
[Date "2020.02.02"]
[Round "2.27"]
[White "ULYANOVSKYY, Viktor"]
[Black "MONTEIRO, Paulo"]
[Result "0-1"]
[BlackElo "1849"]
[WhiteElo "2236"]
[LiveChessVersion "1.4.8"]

1. e4 {[%clk 0:15:08]} c5 {[%clk 0:15:09]} 2. Ne2 {[%clk 0:15:11]} d6
{[%clk 0:15:10]} 3. c4 {[%clk 0:15:12]} Nc6 {[%clk 0:15:09]} 4. d3
{[%clk 0:15:16]} g6 {[%clk 0:15:08]} 5. g3 {[%clk 0:15:19]} Bg7 {[%clk 0:15:11]}
6. Bg2 {[%clk 0:15:24]} e6 {[%clk 0:15:03]} 7. O-O {[%clk 0:15:24]} Nge7
{[%clk 0:15:06]} 8. Nbc3 {[%clk 0:15:29]} O-O {[%clk 0:15:05]} 9. Be3
{[%clk 0:15:32]} Nd4 {[%clk 0:15:04]} 10. Qd2 {[%clk 0:15:32]} Nec6
{[%clk 0:14:50]} 11. Bh6 {[%clk 0:15:32]} Rb8 {[%clk 0:14:18]} 12. Bxg7
{[%clk 0:15:30]} Kxg7 {[%clk 0:14:21]} 13. Nxd4 {[%clk 0:15:24]} Nxd4
{[%clk 0:14:19]} 14. Ne2 {[%clk 0:15:24]} Qf6 {[%clk 0:13:47]} 15. Nxd4
{[%clk 0:15:17]} Qxd4 {[%clk 0:13:36]} 16. Qc3 {[%clk 0:15:13]} b5
{[%clk 0:12:21]} 17. Qxd4+ {[%clk 0:14:49]} cxd4 {[%clk 0:12:24]} 18. c5
{[%clk 0:14:00]} dxc5 {[%clk 0:12:06]} 19. Rfc1 {[%clk 0:14:04]} c4
{[%clk 0:11:57]} 20. dxc4 {[%clk 0:14:08]} bxc4 {[%clk 0:11:55]} 21. Rxc4
{[%clk 0:14:12]} Rxb2 {[%clk 0:11:53]} 22. Rxd4 {[%clk 0:14:16]} e5
{[%clk 0:11:11]} 23. Rd5 {[%clk 0:13:12]} Be6 {[%clk 0:10:55]} 24. Rxe5
{[%clk 0:12:34]} Rd8 {[%clk 0:10:49]} 25. f4 {[%clk 0:09:08]} Rdd2
{[%clk 0:10:08]} 26. Bf3 {[%clk 0:09:09]} Rf2 {[%clk 0:08:15]} 27. Rf1
{[%clk 0:09:07]} Rxh2 {[%clk 0:07:56]} 28. f5 {[%clk 0:09:00]} Bc4
{[%clk 0:06:14]} 29. Rc1 {[%clk 0:08:51]} Rhf2 {[%clk 0:05:41]} 30. Bh1
{[%clk 0:06:29]} Bxa2 {[%clk 0:04:42]} 31. Ra5 {[%clk 0:06:28]} gxf5
{[%clk 0:03:41]} 32. exf5 {[%clk 0:06:20]} Bb1 {[%clk 0:03:16]} 33. Rxa7
{[%clk 0:05:38]} Bxf5 {[%clk 0:03:06]} 34. Rf1 {[%clk 0:05:28]} Rxf1+
{[%clk 0:02:57]} 35. Kxf1 {[%clk 0:05:32]} Rb1+ {[%clk 0:02:59]} 0-1

[Event "Portugal Open Semirrapidas"]
[Site "Lisboa POR"]
[Date "2020.02.02"]
[Round "2.28"]
[White "GONÇALVES, Samuel"]
[Black "MARTINS, Bruno"]
[Result "*"]
[BlackElo "2235"]
[WhiteElo "1883"]
[LiveChessVersion "1.4.8"]

1. e4 {[%clk 0:15:08]} c5 {[%clk 0:15:09]} 2. Nf3 {[%clk 0:15:12]} Nc6
{[%clk 0:15:13]} 3. Bb5 {[%clk 0:15:15]} g6 {[%clk 0:15:17]} 4. O-O
{[%clk 0:15:18]} Bg7 {[%clk 0:15:21]} 5. Qe2 {[%clk 0:15:22]} Nf6
{[%clk 0:14:11]} 6. c3 {[%clk 0:15:21]} O-O {[%clk 0:14:12]} 7. Rd1
{[%clk 0:15:25]} Qb6 {[%clk 0:11:52]} 8. d4 {[%clk 0:15:08]} cxd4
{[%clk 0:11:55]} 9. cxd4 {[%clk 0:14:40]} d5 {[%clk 0:10:31]} 10. e5
{[%clk 0:14:20]} Ne4 {[%clk 0:08:45]} 11. Nc3 {[%clk 0:14:08]} Nxc3
{[%clk 0:08:43]} 12. bxc3 {[%clk 0:14:12]} a6 {[%clk 0:08:01]} 13. Bd3
{[%clk 0:13:23]} Qc7 {[%clk 0:06:42]} 14. h3 {[%clk 0:11:43]} Na5
{[%clk 0:05:42]} 15. Bf4 {[%clk 0:10:24]} Bd7 {[%clk 0:03:59]} 16. Rdc1
{[%clk 0:09:47]} e6 {[%clk 0:03:06]} 17. c4 {[%clk 0:09:08]} dxc4
{[%clk 0:02:54]} 18. Bxc4 {[%clk 0:07:56]} Nxc4 {[%clk 0:02:57]} 19. Rxc4
{[%clk 0:07:34]} Bc6 {[%clk 0:03:00]} 20. Rac1 {[%clk 0:07:16]} Qd7
{[%clk 0:02:45]} 21. Qe3 {[%clk 0:07:13]} Rfc8 {[%clk 0:01:52]} 22. Qc3
{[%clk 0:07:02]} Rf8 {[%clk 0:01:29]} 23. Nd2 {[%clk 0:06:52]} f6
{[%clk 0:01:12]} 24. Nb3 {[%clk 0:06:39]} fxe5 {[%clk 0:00:51]} 25. Bxe5
{[%clk 0:06:42]} Qd5 {[%clk 0:00:48]} 26. f3 {[%clk 0:05:51]} Bxe5
{[%clk 0:00:52]} 27. dxe5 {[%clk 0:05:53]} Rad8 {[%clk 0:00:45]} 28. Nd4
{[%clk 0:05:36]} Qxe5 {[%clk 0:00:19]} 29. Nxc6 {[%clk 0:05:40]} Qxc3
{[%clk 0:00:21]} 30. Ne7+ {[%clk 0:05:44]} Kf7 {[%clk 0:00:24]} 31. R1xc3
{[%clk 0:05:46]} *